000 00396nam a2200109Ia 4500
008 160531s9999 xx 000 0 und d
100 _aAtkinson, William Walker.
245 4 _aThe Secret of Success
245 _cby William Walker Atkinson
260 _c2011
856 _uhttp://www.consciouslivingfoundation.org/ebooks/14-withcover/clf-Secret%20Of%20Success%20by%20William%20Walker%20Atkinson.pdf
999 _c295506
_d295506